Nationalism and social communication ; an inquiry into the foundations of nationality.

Bibliographic Details
Main Author: Deutsch, Karl W. (Karl Wolfgang), 1912-1992
Format: Book
Language:English
Published: [Cambridge] : Published jointly by the Technology Press of the Massachusetts Institute of Technology, and Wiley, New York, [1953]
Subjects:

MARC

Tag First Indicator Second Indicator Subfields
LEADER 00000cam a2200000 4500
001 in00000053591
005 20151008050318.0
008 740820s1953 mau b 00000 eng u
010 |a  53007949  
035 |a (OCoLC)00983464 
035 |9 AAG0393AM 
040 |c ITD  |d TXA  |d UtOrBLW 
049 |a TXAM  |c [247322] 
050 0 0 |a JC311  |b .D43 
082 0 |a 320.15  |a 321.8* 
092 |a 320.15  |b D486n 
100 1 |a Deutsch, Karl W.  |q (Karl Wolfgang),  |d 1912-1992. 
245 1 0 |a Nationalism and social communication ;  |b an inquiry into the foundations of nationality. 
264 1 |a [Cambridge] :  |b Published jointly by the Technology Press of the Massachusetts Institute of Technology, and Wiley, New York,  |c [1953] 
300 |a x, 292 pages :  |b maps, diagrams ;  |c 24 cm. 
336 |a text  |b txt  |2 rdacontent 
337 |a unmediated  |b n  |2 rdamedia 
338 |a volume  |b nc  |2 rdacarrier 
504 |a Bibliography: pages 251-266. 
650 0 |a Nationalism. 
999 |a MARS 
999 f f |s 77268dab-8098-34c2-821e-87e2e29418c6  |i 6f6b2aa3-f0e4-3947-9f03-d3334db91496  |t 0 
952 f f |p ric  |a Texas A&M University  |b Rellis Campus  |c Joint Library Facility  |d Remote Storage  |t 0  |e JC311 .D43  |h Library of Congress classification  |i unmediated -- volume  |m A14800658177 
998 f f |a JC311 .D43  |t 0  |l Remote Storage